000
00295nam a22001337a 4500
008
170904b xxu||||| |||| 00| 0 eng d
020
_a
9781604266009
041
_a
eng
080
_2
3rd
_a
070
100
_a
40
101
_a
MED
245
_a
MASS COMMUNICATION
_c
HANSON ,R.E
942
_2
udc
_c
BK
999
_c
26044
_d
26044